<?xml version="1.0" encoding="UTF-8"?>
<collection xmlns="http://www.loc.gov/MARC21/slim">
 <record>
  <leader>02297nam a2200241Ia 4500</leader>
  <controlfield tag="001">CTU_239254</controlfield>
  <controlfield tag="008">210402s9999    xx            000 0 und d</controlfield>
  <datafield tag="082" ind1=" " ind2=" ">
   <subfield code="a">338.16</subfield>
  </datafield>
  <datafield tag="082" ind1=" " ind2=" ">
   <subfield code="b">H103</subfield>
  </datafield>
  <datafield tag="088" ind1=" " ind2=" ">
   <subfield code="a">8620116</subfield>
  </datafield>
  <datafield tag="100" ind1=" " ind2=" ">
   <subfield code="a">Trầm, Minh Hải</subfield>
  </datafield>
  <datafield tag="245" ind1=" " ind2="0">
   <subfield code="a">Đánh giá hiệu quả tài chính mô hình cam Xoàn theo tiêu chuẩn VietGAP tại quận Ô Môn thành phố Cần Thơ :</subfield>
  </datafield>
  <datafield tag="245" ind1=" " ind2="0">
   <subfield code="b">Luận văn tốt nghiệp cao học ngành Phát triển Nông thôn</subfield>
  </datafield>
  <datafield tag="245" ind1=" " ind2="0">
   <subfield code="c">Trầm Minh Hải ; Nguyễn Bá Phú (cán bộ hướng dẫn)</subfield>
  </datafield>
  <datafield tag="260" ind1=" " ind2=" ">
   <subfield code="a">Cần Thơ</subfield>
  </datafield>
  <datafield tag="260" ind1=" " ind2=" ">
   <subfield code="b">Trường Đại học Cần Thơ</subfield>
  </datafield>
  <datafield tag="260" ind1=" " ind2=" ">
   <subfield code="c">2020</subfield>
  </datafield>
  <datafield tag="520" ind1=" " ind2=" ">
   <subfield code="a">Đề tài thực hiện đánh giá hiệu quả tài chính của hai mô hình canh tác cam Xoàn theo tiêu chuẩn VietGAP và truyền thống tại quận Ô Môn thành phố Cần Thơ nhằm đề xuất các giải pháp nâng cao chất lượng sản phẩm, đáp ứng được các tiêu chuẩn xuất khẩu, tăng sức cạnh tranh trên thị trường, nâng cao hiệu quả sản xuất, đem lại thu nhập cao cho người nông dân, phát triển bền vững mô hình sản xuất cam Xoàn tại quận Ô Môn. Đề tài sử dụng các phương pháp: thống kê mô tả, kiểm định T-test, phân tích chi phí - lợi nhuận (CRA) để so sánh hiệu quả tài chính giữa hai mô hình, phân tích hồi quy đa biến để xác định các yếu tố ảnh hưởng đến lợi nhuận và phân tích SWOT đề xuất các giải pháp nâng cao hiệu quả sản xuất cam Xoàn của nông hộ. Tổng số quan sát mẫu điều tra nông hộ trồng cam Xoàn là 60 mẫu trong và ngoài mô hình VietGAP theo phương pháp chọn mẫu phi ngẫu nhiên có điều kiện.</subfield>
  </datafield>
  <datafield tag="650" ind1=" " ind2=" ">
   <subfield code="a">Nông nghiệp,Agriculture</subfield>
  </datafield>
  <datafield tag="650" ind1=" " ind2=" ">
   <subfield code="x">Khía cạnh kinh tế,Economic aspects</subfield>
  </datafield>
  <datafield tag="650" ind1=" " ind2=" ">
   <subfield code="z">Việt Nam,Vietnam</subfield>
  </datafield>
  <datafield tag="904" ind1=" " ind2=" ">
   <subfield code="i">Qhieu</subfield>
  </datafield>
  <datafield tag="980" ind1=" " ind2=" ">
   <subfield code="a">Trung tâm Học liệu Trường Đại học Cần Thơ</subfield>
  </datafield>
 </record>
</collection>
